Signal processing : a mathematical approach (Record no. 8290)

000 -LEADER
fixed length control field 00850 a2200145 4500
020 ## - INTERNATIONAL STANDARD BOOK NUMBER
International Standard Book Number 1568812426
040 ## - CATALOGING SOURCE
Original cataloging agency DLC
100 1# - MAIN ENTRY--PERSONAL NAME
Personal name Byrne, Charles,
245 10 - TITLE STATEMENT
Title Signal processing : a mathematical approach
Remainder of title a mathematical approach
Statement of responsibility, etc. Charles Byrne.
260 ## - PUBLICATION, DISTRIBUTION, ETC.
Place of publication, distribution, etc. Wellesley, MA :
Name of publisher, distributor, etc. A K Peters,
Date of publication, distribution, etc. 2005.
300 ## - PHYSICAL DESCRIPTION
Extent xii, 385 p. :
Other physical details ill. ;
Dimensions 24 cm.
520 1# - SUMMARY, ETC.
Summary, etc. "A practical guide to the mathematics behind signal processing, this book provides the essential mathematical background and tools necessary to understand and employ signal processing techniques. The emphasis is on the general problem of extracting information from limited data obtained by some form of remote sensing: acoustic or radar processing, satellite imaging, or medical tomographic scanning."--BK JACKET.
650 #0 - SUBJECT ADDED ENTRY--TOPICAL TERM
Topical term or geographic name entry element Signal processing
General subdivision Mathematics.
942 ## - ADDED ENTRY ELEMENTS (KOHA)
Koha item type Book
Call number prefix 621.3822 BYR
Source of classification or shelving scheme
Holdings
Withdrawn status Lost status Damaged status Not for loan Collection code Permanent Location Current Location Shelving location Date acquired Source of acquisition Cost, normal purchase price Total Checkouts Full call number Barcode Date last seen Price effective from Koha item type
          Central Library (CL) Central Library (CL) General Stacks 12/04/2007 Progressive International Agencies 4494.18   621.3822 BYR SEECS008757 08/24/2025 01/05/2017 Book
© 2023 Central Library, National University of Sciences and Technology. All Rights Reserved.